Předpisy ke studiu obecné části správního práva Zákon o národních výborech

Gespeichert in:
Bibliographische Detailangaben
Format: Buch
Sprache:Tschechisch
Veröffentlicht: Praha Ústav státní správy 1987
Tags: Tag hinzufügen
Keine Tags, Fügen Sie das erste Tag hinzu!

MARC

LEADER 00000nam a2200000 4500
001 c026409
005 20250219084538.9
041 0 |a cze 
044 |a CZ 
245 1 0 |a Předpisy ke studiu obecné části správního práva  |b Zákon o národních výborech 
264 1 |a Praha  |b Ústav státní správy  |c 1987 
300 |a 92 s.